| Tag |
First Indicator |
Second Indicator |
Subfields |
| LEADER |
00000cam a22000007a 4500 |
| 001 |
in00001663183 |
| 005 |
20151024121147.0 |
| 008 |
000131s1999 bo 000 j spa |
| 010 |
|
|
|a 00316554
|
| 020 |
|
|
|a 9990520720
|
| 035 |
|
|
|a (OCoLC)ocm44162720
|
| 040 |
|
|
|a DLC
|c DLC
|d VVC
|d TXA
|d UtOrBLW
|
| 049 |
|
|
|a TXAM
|
| 090 |
|
|
|a PQ7820.P39
|b S56 1999
|
| 100 |
1 |
|
|a Paz Soldán, Edmundo,
|d 1967-
|
| 245 |
1 |
0 |
|a Simulacros /
|c Edmundo Paz Soldán ; prólogo por Sergio Ramírez.
|
| 264 |
|
1 |
|a La Paz :
|b Santillana,
|c [1999]
|
| 264 |
|
4 |
|c ©1999
|
| 300 |
|
|
|a 172 pages ;
|c 21 cm.
|
| 336 |
|
|
|a text
|b txt
|2 rdacontent
|
| 337 |
|
|
|a unmediated
|b n
|2 rdamedia
|
| 338 |
|
|
|a volume
|b nc
|2 rdacarrier
|
| 490 |
1 |
|
|a Biblioteca boliviana Santillana ;
|v 2
|
| 655 |
|
0 |
|a Short stories, Bolivian.
|
| 830 |
|
0 |
|a Biblioteca boliviana Santillana ;
|v 2.
|
| 948 |
|
|
|a cataloged
|b h
|c 2002/2/26
|d c
|e jgreene
|f 5:11:42 pm
|
| 994 |
|
|
|a E0
|b TXA
|
| 999 |
|
|
|a MARS
|
| 999 |
f |
f |
|s 844041c5-9c5e-37ea-80be-c946e490f326
|i 7a8333f8-8282-3db3-82ac-952afc04d07b
|t 0
|
| 952 |
f |
f |
|p normal
|a Texas A&M University
|b College Station
|c Sterling C. Evans Library
|d Evans: Library Stacks
|t 0
|e PQ7820.P39 S56 1999
|h Library of Congress classification
|i unmediated -- volume
|m A14828534892
|
| 998 |
f |
f |
|a PQ7820.P39 S56 1999
|t 0
|l Evans: Library Stacks
|